00381 2200157 4500001002100000005001500021035002000036245004200056100002300098300001100121260003500132082000800167084001400175020002200189990001200211INLIS00000000000169020250429020443 a0010-04250001061 aMenjadi Pesilat /cFekum Ariesbowo W.0 aFekum Ariesbowo W. a36 hlm aJakarta :bBe. Champion,c2008 a700 a700 FEK m a978-979-788-033-8 a0754653